00355 2200145 4500001002100000005001500021035002000036245005900056100001700115300001200132260003100144082000800175084001400183990001200197INLIS00000000000211320250527105822 a0010-05250004051 aCara Untuk Membantu Anak Meraih Sukses /cKarin Irland0 aKarin Irland a227 hlm aJakarta :bErlangga,c2003 a600 a600 KAR c a0713125